[Event "4th GRENKE Open 2019"]
[Site "Karlsruhe"]
[Date "2019.04.20"]
[Round "4.105"]
[White "Praczukowski, Stanislaw"]
[Black "Gatineau, Yovann"]
[Result "0-1"]
[WhiteElo "2190"]
[BlackElo "2366"]
[Annotator "NA"]
[PlyCount "47"]
[EventDate "2019.04.18"]
[EventType "swiss"]
[EventCountry "GER"]
[SourceTitle "playchess.com"]
[Source "ChessBase"]
[SourceQuality "1"]

1. e4 e5 2. Nf3 Nc6 3. Bb5 a6 4. Ba4 Nf6 5. d3 b5 6. Bb3 Bc5 7. O-O d6 8. c3 O-O 9. Nbd2 Kh8 10. h3 Nh5 11. d4 Bb6 12. Bd5 Qe8 13. dxe5 Nf4 14. exd6 f5 15. Bxc6 Qxc6 16. e5 cxd6 17. exd6 Qxd6 18. Nb3 Nxh3+ 19. gxh3 Qg3+ 20. Kh1 Qxh3+ 21. Nh2 Bb7+ 22. f3 Bc7 23. Qe2 Bxh2 24. Qg2 0-1

[Event "4th GRENKE Open 2019"]
[Site "Karlsruhe"]
[Date "2019.04.20"]
[Round "4.106"]
[White "Kardoeus, David"]
[Black "Roser, Kevin"]
[Result "1/2-1/2"]
[WhiteElo "2189"]
[BlackElo "2362"]
[Annotator "NA"]
[PlyCount "76"]
[EventDate "2019.04.18"]
[EventType "swiss"]
[EventCountry "GER"]
[SourceTitle "playchess.com"]
[Source "ChessBase"]
[SourceQuality "1"]

1. e4 c5 2. Nf3 Nc6 3. d4 cxd4 4. Nxd4 Nf6 5. Nc3 d6 6. Bg5 e6 7. Qd2 a6 8. O-O-O Be7 9. f4 Bd7 10. Be2 O-O 11. Bf3 Rc8 12. Qe3 Qc7 13. Rd2 Rfd8 14. Rhd1 h6 15. Nxc6 Bxc6 16. Bh4 b5 17. e5 dxe5 18. Rxd8+ Bxd8 19. Qxe5 Bxf3 20. gxf3 Qc6 21. Bxf6 Bxf6 22. Qe4 Qc5 23. Ne2 Qf2 24. h3 g6 25. c3 Rc4 26. Qa8+ Kg7 27. Rd2 Qb6 28. Rd7 Rc7 29. Rxc7 Qxc7 30. Qxa6 Qc4 31. Kd2 Qd5+ 32. Ke3 Qc5+ 33. Kd3 Qc4+ 34. Kd2 Qd5+ 35. Ke3 Qc5+ 36. Kd2 Qd5+ 37. Ke3 Qc5+ 38. Kd2 Qd5+ 1/2-1/2

[Event "4th GRENKE Open 2019"]
[Site "Karlsruhe"]
[Date "2019.04.20"]
[Round "4.107"]
[White "Van Delft, Merijn"]
[Black "Meyner, Hannes"]
[Result "1/2-1/2"]
[WhiteElo "2359"]
[BlackElo "2204"]
[Annotator "NA"]
[PlyCount "68"]
[EventDate "2019.04.18"]
[EventType "swiss"]
[EventCountry "GER"]
[SourceTitle "playchess.com"]
[Source "ChessBase"]
[SourceQuality "1"]

1. e4 c6 2. d4 d5 3. exd5 cxd5 4. Bd3 Nc6 5. c3 Nf6 6. h3 Qc7 7. Nf3 g6 8. Qc2 Bg7 9. O-O O-O 10. Re1 Nd7 11. Na3 a6 12. Be3 b5 13. Qd2 Nb6 14. Bf4 Qb7 15. Bh6 Nc4 16. Bxc4 bxc4 17. Bxg7 Kxg7 18. b3 cxb3 19. axb3 Bf5 20. b4 Qd7 21. Ra2 f6 22. Nc2 Be4 23. Nh2 Bxc2 24. Qxc2 Rfc8 25. Qd2 Nd8 26. Rea1 Qc6 27. Ra3 Rab8 28. Ng4 Nf7 29. Qe2 Rc7 30. Rb3 Rb6 31. Ra5 Nd6 32. Rc5 Qb7 33. Ne3 e6 34. f3 Rbc6 1/2-1/2

[Event "4th GRENKE Open 2019"]
[Site "Karlsruhe"]
[Date "2019.04.20"]
[Round "4.108"]
[White "Roehr, Tobias"]
[Black "Pranav Anand"]
[Result "1/2-1/2"]
[WhiteElo "2184"]
[BlackElo "2359"]
[Annotator "NA"]
[PlyCount "53"]
[EventDate "2019.04.18"]
[EventType "swiss"]
[EventCountry "GER"]
[SourceTitle "playchess.com"]
[Source "ChessBase"]
[SourceQuality "1"]

1. d4 Nf6 2. c4 e6 3. Nf3 d5 4. Nc3 Bb4 5. Qa4+ Nc6 6. Bg5 h6 7. Bxf6 Qxf6 8. e3 O-O 9. Be2 dxc4 10. Bxc4 Bd7 11. O-O Bxc3 12. bxc3 Rfd8 13. Be2 e5 14. Qc2 Qe7 15. Rab1 b6 16. Rb5 a6 17. Rd5 exd4 18. Nxd4 Qf6 19. Rxd7 Rxd7 20. Nxc6 Re8 21. Bf3 Rd6 22. Nb4 b5 23. h3 Red8 24. Qb3 c5 25. Nd5 Qe5 26. e4 c4 27. Qa3 1/2-1/2

[Event "4th GRENKE Open 2019"]
[Site "Karlsruhe"]
[Date "2019.04.20"]
[Round "4.113"]
[White "Jansen, Bob"]
[Black "Parkhov, Yair"]
[Result "0-1"]
[WhiteElo "2178"]
[BlackElo "2352"]
[Annotator "NA"]
[PlyCount "202"]
[EventDate "2019.04.18"]
[EventType "swiss"]
[EventCountry "GER"]
[SourceTitle "playchess.com"]
[Source "ChessBase"]
[SourceQuality "1"]

1. d4 d5 2. Nf3 Nf6 3. b3 Bf5 4. Bb2 Nbd7 5. e3 e6 6. Be2 h6 7. O-O Be7 8. c4 O-O 9. cxd5 exd5 10. Nc3 c6 11. Rc1 Bd6 12. Na4 Ne4 13. Ne5 Qe7 14. Nxd7 Bxd7 15. Bd3 f5 16. f3 Qh4 17. f4 Qe7 18. Qc2 Rae8 19. Bxe4 fxe4 20. Nc5 Bc8 21. Qe2 Qh4 22. Bc3 Rf7 23. Be1 Qf6 24. Qh5 g6 25. Qe2 h5 26. b4 Ref8 27. h4 Qd8 28. g3 Bg4 29. Qc2 Qc8 30. a4 Rc7 31. Nb3 Kh7 32. Bc3 Bf3 33. Qf2 Qg4 34. Kh2 Rfc8 35. Nd2 Be2 36. Rfe1 Bd3 37. Nb3 b6 38. Qg2 Qf5 39. Qd2 Rg8 40. Qg2 Ba6 41. Rg1 Bc8 42. Rc2 Rcg7 43. Be1 Bd7 44. Nc1 Qf8 45. Qd2 Qe7 46. Na2 Rb8 47. Qe2 Rgg8 48. Bc3 Qe6 49. Qg2 Qg4 50. Be1 Rgc8 51. Nc3 Qf5 52. Bd2 Kg8 53. Rgc1 Kg7 54. Nd1 Qf8 55. Rb2 a5 56. Rcb1 axb4 57. Bxb4 b5 58. a5 Bxb4 59. Rxb4 Ra8 60. Qa2 Ra6 61. R4b3 Rca8 62. Ra1 Qd8 63. Qc2 Rxa5 64. Rab1 Qe7 65. Nf2 Ra2 66. R3b2 Qa3 67. Rxa2 Qxa2 68. Rb2 Qc4 69. Qb1 Ra3 70. Rc2 Qb3 71. Qxb3 Rxb3 72. Ra2 Kf7 73. Nd1 Ke7 74. Kg2 Rd3 75. Ra1 Rd2+ 76. Nf2 Rb2 77. Kf1 Kd6 78. Nd1 Rc2 79. Rb1 Bg4 80. Ke1 Bxd1 81. Kxd1 Rg2 82. Rb3 Rxg3 83. Ke2 Rh3 84. Kf2 Rxh4 85. Ra3 Rh3 86. Ra8 Rf3+ 87. Ke2 h4 88. Rh8 Rh3 89. Rh6 Rh2+ 90. Kd1 b4 91. f5 b3 92. Kc1 Ke7 93. Rxg6 Rf2 94. Rh6 Rxf5 95. Rxh4 Rf2 96. Rh6 Kd7 97. Rh7+ Kc8 98. Rh3 Kb7 99. Rh8 Re2 100. Rh3 Kb6 101. Kb1 Kb5 0-1

[Event "4th GRENKE Open 2019"]
[Site "Karlsruhe"]
[Date "2019.04.20"]
[Round "4.114"]
[White "Nagel, Bernhard"]
[Black "Arnold, Lothar"]
[Result "1/2-1/2"]
[WhiteElo "2178"]
[BlackElo "2351"]
[Annotator "NA"]
[PlyCount "50"]
[EventDate "2019.04.18"]
[EventType "swiss"]
[EventCountry "GER"]
[SourceTitle "playchess.com"]
[Source "ChessBase"]
[SourceQuality "1"]

1. c4 Nf6 2. d4 e5 3. dxe5 Ng4 4. Nf3 Bc5 5. e3 Nc6 6. Be2 Ngxe5 7. Nbd2 O-O 8. Ne4 Bb4+ 9. Bd2 Bxd2+ 10. Qxd2 d6 11. O-O Nxf3+ 12. Bxf3 Ne5 13. Be2 Qh4 14. f4 Ng4 15. Bxg4 Bxg4 16. Nc3 Bd7 17. Nd5 c6 18. Nc3 Rad8 19. Rad1 Bg4 20. Rde1 f5 21. Qf2 Qxf2+ 22. Rxf2 Rfe8 23. Rd2 Re6 24. Kf2 Kf8 25. b3 Ke7 1/2-1/2

[Event "4th GRENKE Open 2019"]
[Site "Karlsruhe"]
[Date "2019.04.20"]
[Round "4.115"]
[White "Kulon, Klaudia"]
[Black "Laengl, Juergen"]
[Result "1-0"]
[WhiteElo "2351"]
[BlackElo "2199"]
[Annotator "NA"]
[PlyCount "61"]
[EventDate "2019.04.18"]
[EventType "swiss"]
[EventCountry "GER"]
[SourceTitle "playchess.com"]
[Source "ChessBase"]
[SourceQuality "1"]

1. c4 e6 2. g3 d5 3. Bg2 Nf6 4. Nf3 Be7 5. O-O O-O 6. d4 dxc4 7. Nbd2 b5 8. a4 c6 9. e4 Bb7 10. Qc2 Na6 11. b3 Nb4 12. Qc3 cxb3 13. Qxb3 a5 14. Rd1 c5 15. axb5 Nxe4 16. Nxe4 Bxe4 17. dxc5 Qc7 18. b6 Qxc5 19. Be3 Qc2 20. Nd4 Qxb3 21. Nxb3 Bxg2 22. Kxg2 a4 23. Bc5 Bxc5 24. Nxc5 Nc6 25. Rxa4 Rxa4 26. Nxa4 Rb8 27. Rd7 Kf8 28. b7 Ke8 29. Rc7 Nd8 30. Nc5 h5 31. Rc8 1-0

[Event "4th GRENKE Open 2019"]
[Site "Karlsruhe"]
[Date "2019.04.20"]
[Round "4.116"]
[White "Mader, Manuela"]
[Black "Chylewski, Patryk"]
[Result "0-1"]
[WhiteElo "2176"]
[BlackElo "2391"]
[Annotator "NA"]
[PlyCount "110"]
[EventDate "2019.04.18"]
[EventType "swiss"]
[EventCountry "GER"]
[SourceTitle "playchess.com"]
[Source "ChessBase"]
[SourceQuality "1"]

1. e4 c5 2. c3 Nf6 3. e5 Nd5 4. Nf3 e6 5. Bc4 d6 6. d4 cxd4 7. cxd4 Nb6 8. Bb3 dxe5 9. Nxe5 Nc6 10. Nxc6 bxc6 11. O-O Ba6 12. Re1 Be7 13. Nc3 O-O 14. Ne4 Bc4 15. Bc2 Rc8 16. Re3 g6 17. h4 Bxh4 18. Rh3 f5 19. Nc5 Bf6 20. Be3 e5 21. Bb3 Bxb3 22. Qxb3+ Qd5 23. dxe5 Bxe5 24. Nd3 Bg7 25. Bxb6 Qxb3 26. axb3 axb6 27. Ra6 b5 28. Re3 c5 29. Rb6 Bd4 30. Ree6 c4 31. Rbd6 Rfd8 32. bxc4 bxc4 33. Rxd8+ Rxd8 34. Ne5 Bxe5 35. Rxe5 Rd1+ 36. Kh2 Rd2 37. Rc5 Rxf2 38. Rxc4 Rxb2 39. Rc7 Rb8 40. Ra7 Rf8 41. Rb7 Rf7 42. Rb6 Kg7 43. Ra6 h6 44. Rb6 g5 45. Ra6 Rf6 46. Ra5 Kg6 47. Rb5 Kh5 48. Kg3 f4+ 49. Kf2 Kg4 50. Rb3 Ra6 51. Rc3 Ra2+ 52. Kg1 h5 53. Rb3 Re2 54. Ra3 h4 55. Rb3 Re3 0-1

[Event "4th GRENKE Open 2019"]
[Site "Karlsruhe"]
[Date "2019.04.20"]
[Round "4.117"]
[White "Krastev, Alexander"]
[Black "Carlo, Emanuele"]
[Result "0-1"]
[WhiteElo "2351"]
[BlackElo "2195"]
[Annotator "NA"]
[PlyCount "46"]
[EventDate "2019.04.18"]
[EventType "swiss"]
[EventCountry "GER"]
[SourceTitle "playchess.com"]
[Source "ChessBase"]
[SourceQuality "1"]

1. e4 c5 2. Nf3 d6 3. Bb5+ Nd7 4. O-O a6 5. Bd3 Ngf6 6. c3 b5 7. Bc2 Bb7 8. Re1 c4 9. b3 e6 10. Na3 Rc8 11. bxc4 bxc4 12. Rb1 Ba8 13. Qe2 Qc7 14. Nd4 Be7 15. Kh1 O-O 16. f4 Rfe8 17. Bb2 e5 18. fxe5 Nxe5 19. Nf5 Bf8 20. Qf1 d5 21. exd5 Neg4 22. d6 Bxd6 23. Nxc4 Bc5 0-1

[Event "4th GRENKE Open 2019"]
[Site "Karlsruhe"]
[Date "2019.04.20"]
[Round "5.1"]
[White "Korobov, Anton"]
[Black "Annaberdiev, Meilis"]
[Result "1/2-1/2"]
[WhiteElo "2675"]
[BlackElo "2525"]
[Annotator "TA"]
[PlyCount "65"]
[EventDate "2019.04.18"]
[EventType "swiss"]
[EventCountry "GER"]
[SourceTitle "playchess.com"]
[Source "ChessBase"]
[SourceQuality "1"]

1. d4 Nf6 2. c4 e6 3. Nf3 b6 4. g3 Ba6 5. b3 Bb4+ 6. Bd2 Be7 7. Bg2 d5 8. cxd5 exd5 9. Nc3 O-O 10. O-O Bb7 11. Rc1 Na6 12. Bg5 h6 13. Bf4 c6 14. Ne5 Ba3 15. Rc2 Bd6 16. Nd3 Nb4 17. Bxd6 Qxd6 18. Nxb4 Qxb4 19. Qd2 Qd6 20. Rfc1 Rad8 21. e3 Rfe8 22. Ne2 Ne4 23. Qd1 g5 24. g4 Qe6 25. Ng3 Nxg3 26. hxg3 Rd6 27. Qe2 Bc8 28. b4 Bd7 29. a4 Kg7 30. Rc3 Qf6 31. R1c2 Rh8 32. f3 h5 33. gxh5 1/2-1/2

[Event "4th GRENKE Open 2019"]
[Site "Karlsruhe"]
[Date "2019.04.20"]
[Round "5.2"]
[White "Pavlidis, Antonios"]
[Black "Chigaev, Maksim"]
[Result "1/2-1/2"]
[WhiteElo "2537"]
[BlackElo "2634"]
[Annotator "TA"]
[PlyCount "32"]
[EventDate "2019.04.18"]
[EventType "swiss"]
[EventCountry "GER"]
[SourceTitle "playchess.com"]
[Source "ChessBase"]
[SourceQuality "1"]

1. e4 e5 2. Nf3 Nc6 3. Bc4 Bc5 4. d3 Nf6 5. Bg5 h6 6. Bh4 Be7 7. a4 d6 8. Bg3 a6 9. Nbd2 Be6 10. Bxe6 fxe6 11. c3 O-O 12. O-O Qe8 13. Qb3 Qd7 14. d4 exd4 15. Nxd4 Nxd4 16. cxd4 Nh5 1/2-1/2

[Event "4th GRENKE Open 2019"]
[Site "Karlsruhe"]
[Date "2019.04.20"]
[Round "5.4"]
[White "Dann, Matthias"]
[Black "Heimann, Andreas"]
[Result "1/2-1/2"]
[WhiteElo "2520"]
[BlackElo "2616"]
[Annotator "RC"]
[PlyCount "34"]
[EventDate "2019.04.18"]
[EventType "swiss"]
[EventCountry "GER"]
[SourceTitle "playchess.com"]
[Source "ChessBase"]
[SourceQuality "1"]

1. e4 e5 2. Nf3 Nc6 3. Bb5 Nf6 4. O-O Nxe4 5. Re1 Nd6 6. Nxe5 Be7 7. Bf1 Nxe5 8. Rxe5 O-O 9. d4 Bf6 10. Re1 Re8 11. Rxe8+ Nxe8 12. c3 d5 13. Bf4 c6 14. Nd2 g6 15. Nf3 Ng7 16. Bd3 Bf5 17. Be5 Bxd3 1/2-1/2

[Event "4th GRENKE Open 2019"]
[Site "Karlsruhe"]
[Date "2019.04.20"]
[Round "5.5"]
[White "Arjun Kalyan"]
[Black "Papp, Gabor"]
[Result "1/2-1/2"]
[WhiteElo "2445"]
[BlackElo "2598"]
[Annotator "TA"]
[PlyCount "49"]
[EventDate "2019.04.18"]
[EventType "swiss"]
[EventCountry "GER"]
[SourceTitle "playchess.com"]
[Source "ChessBase"]
[SourceQuality "1"]

1. e4 e5 2. Nf3 Nf6 3. Nxe5 d6 4. Nf3 Nxe4 5. d4 d5 6. Bd3 Bd6 7. O-O O-O 8. c4 c6 9. Nc3 Nxc3 10. bxc3 dxc4 11. Bxc4 Bf5 12. Bg5 Qa5 13. Nh4 Be6 14. Bxe6 Qxg5 15. Nf3 Qa5 16. Bb3 Nd7 17. Qd3 Nf6 18. Rfe1 Rae8 19. g3 g6 20. Nd2 Kg7 21. Qf3 Qc7 22. Ne4 Nxe4 23. Rxe4 Rxe4 24. Qxe4 Qe7 25. Re1 1/2-1/2

[Event "4th GRENKE Open 2019"]
[Site "Karlsruhe"]
[Date "2019.04.20"]
[Round "5.6"]
[White "Low, Zhen Yu Cyrus"]
[Black "Indjic, Aleksandar"]
[Result "0-1"]
[WhiteElo "2418"]
[BlackElo "2592"]
[Annotator "ChessBase"]
[PlyCount "84"]
[EventDate "2019.04.18"]
[EventType "swiss"]
[EventCountry "GER"]
[SourceTitle "playchess.com"]
[Source "ChessBase"]
[SourceQuality "1"]

1. e4 e5 2. Nf3 Nc6 3. Bc4 Nf6 4. d3 h6 5. O-O d6 6. a4 g6 7. Re1 Bg7 8. a5 a6 9. Nc3 O-O 10. h3 Re8 11. Be3 Be6 12. Bxe6 Rxe6 13. Nd5 Nd7 14. c3 Nxa5 15. Rxa5 c6 16. b4 cxd5 17. Rxd5 b5 18. c4 Nf6 19. cxb5 Nxd5 20. exd5 Re7 21. bxa6 Rxa6 22. b5 Ra3 23. Qc2 Rc7 24. Qb2 Rcc3 25. Nd2 e4 26. b6 Rxd3 27. Qb5 Qb8 28. Nxe4 Rab3 29. Qc6 Rxe3 30. Rxe3 Rb1+ 31. Kh2 Be5+ 32. g3 Rxb6 33. Qd7 Rb7 34. Qc6 Kg7 35. Re2 Rc7 36. Qa6 Rc1 37. Qd3 Qa7 38. h4 Qa1 39. Qf3 f5 40. Nd2 Qd4 41. Kg2 Rc3 42. Nb3 Qb4 0-1

[Event "4th GRENKE Open 2019"]
[Site "Karlsruhe"]
[Date "2019.04.20"]
[Round "5.7"]
[White "Kuzubov, Yuriy"]
[Black "Kevlishvili, Robby"]
[Result "1-0"]
[WhiteElo "2653"]
[BlackElo "2451"]
[Annotator "TA"]
[PlyCount "71"]
[EventDate "2019.04.18"]
[EventType "swiss"]
[EventCountry "GER"]
[SourceTitle "playchess.com"]
[Source "ChessBase"]
[SourceQuality "1"]

1. d4 d5 2. c4 c6 3. e3 Nf6 4. Nc3 e6 5. Bd3 Nbd7 6. b3 e5 7. Nge2 e4 8. Bc2 Bd6 9. f3 exf3 10. gxf3 Nh5 11. cxd5 cxd5 12. Nxd5 Qg5 13. e4 Qg2 14. Kd2 Qxf3 15. Qf1 Qxf1 16. Rxf1 Ndf6 17. Ne3 Ng4 18. Nc4 Bxh2 19. Ba3 b5 20. Nd6+ Bxd6 21. Bxd6 Bb7 22. a4 bxa4 23. b4 O-O-O 24. e5 Nh6 25. Bf5+ Nxf5 26. Rac1+ Kd7 27. Rc7+ Ke6 28. d5+ Kxd5 29. Rxf5 g6 30. Rc5+ Ke4 31. Rxf7 Bc8 32. Nc3+ Kd4 33. Rf3 Ba6 34. Re3 Nf6 35. exf6 Rxd6 36. Re4# 1-0

[Event "4th GRENKE Open 2019"]
[Site "Karlsruhe"]
[Date "2019.04.20"]
[Round "5.8"]
[White "Sarana, Alexey"]
[Black "Fedorovsky, Michael"]
[Result "1-0"]
[WhiteElo "2630"]
[BlackElo "2442"]
[Annotator "TA"]
[PlyCount "109"]
[EventDate "2019.04.18"]
[EventType "swiss"]
[EventCountry "GER"]
[SourceTitle "playchess.com"]
[Source "ChessBase"]
[SourceQuality "1"]

1. d4 d5 2. c4 e6 3. Nc3 Nf6 4. Nf3 Be7 5. Qc2 c5 6. dxc5 O-O 7. Bg5 dxc4 8. e4 h6 9. Bh4 Nfd7 10. Bg3 Qa5 11. Bd6 Nc6 12. Bxc4 Nxc5 13. Bxe7 Nxe7 14. O-O Bd7 15. a3 Rac8 16. b4 Qc7 17. Rac1 Na6 18. Be2 Rfd8 19. Qb2 Ng6 20. Rfd1 Qb6 21. Rd2 Nb8 22. Rcd1 Be8 23. g3 Rxd2 24. Qxd2 a5 25. bxa5 Qxa5 26. Nb5 Qa4 27. Nd6 Rc2 28. Qe3 Bc6 29. Nd4 Ra2 30. N4b5 Rb2 31. Rc1 Nd7 32. Nc3 Qb3 33. Bd1 Qb6 34. Nc4 Qxe3 35. fxe3 Rb6 36. Nxb6 Nxb6 37. Be2 Ne5 38. Bb5 Bxb5 39. Nxb5 Nbc4 40. Kh1 Nxe3 41. Rc8+ Kh7 42. Rb8 Nd3 43. Kg1 Nc5 44. Nd6 Kg6 45. Nxb7 Nxe4 46. a4 Kf5 47. Nc5 Ng5 48. Kf2 Nc4 49. Rb4 Ne5 50. a5 Nc6 51. Rb5 Ke5 52. h4 Nh7 53. a6 Kd5 54. Nb3+ Kd6 55. Na5 1-0

[Event "4th GRENKE Open 2019"]
[Site "Karlsruhe"]
[Date "2019.04.20"]
[Round "5.9"]
[White "Sethuraman, S.P."]
[Black "Froewis, Georg"]
[Result "1-0"]
[WhiteElo "2624"]
[BlackElo "2438"]
[Annotator "TA"]
[PlyCount "93"]
[EventDate "2019.04.18"]
[EventType "swiss"]
[EventCountry "GER"]
[SourceTitle "playchess.com"]
[Source "ChessBase"]
[SourceQuality "1"]

1. e4 e6 2. d4 d5 3. Nc3 Bb4 4. e5 c5 5. a3 Bxc3+ 6. bxc3 Ne7 7. Qg4 cxd4 8. Qxg7 Rg8 9. Qxh7 Qc7 10. Ne2 Nbc6 11. f4 dxc3 12. Nxc3 a6 13. Qd3 Bd7 14. Bd2 Rc8 15. Ne2 Na5 16. Nd4 Nc4 17. g3 Nf5 18. Nxf5 exf5 19. Bg2 Qb6 20. Qb3 Bb5 21. Rd1 Na5 22. Bxa5 Qxa5+ 23. Rd2 Rc3 24. Qb4 Re3+ 25. Kd1 Rxa3 26. Qxa5 Rxa5 27. Rxd5 Ra1+ 28. Kd2 Rxh1 29. Bxh1 Bc6 30. Rc5 Kd7 31. Bxc6+ bxc6 32. Ra5 Rh8 33. h4 Rg8 34. Ra3 a5 35. Ke2 a4 36. Kf3 Ra8 37. h5 Ke6 38. h6 Rh8 39. Rxa4 Rxh6 40. Rd4 Ke7 41. c4 c5 42. Rd5 Rc6 43. g4 Ke6 44. Kg3 fxg4 45. Kxg4 Rc8 46. Rd6+ Ke7 47. Kf5 1-0

[Event "4th GRENKE Open 2019"]
[Site "Karlsruhe"]
[Date "2019.04.20"]
[Round "5.10"]
[White "Korley, Kassa"]
[Black "Predojevic, Borki"]
[Result "0-1"]
[WhiteElo "2440"]
[BlackElo "2621"]
[Annotator "TA"]
[PlyCount "116"]
[EventDate "2019.04.18"]
[EventType "swiss"]
[EventCountry "GER"]
[SourceTitle "playchess.com"]
[Source "ChessBase"]
[SourceQuality "1"]

1. d4 Nf6 2. c4 e6 3. Nf3 d5 4. Nc3 Nbd7 5. cxd5 exd5 6. Bf4 c6 7. Qc2 Nh5 8. Bg5 Be7 9. Bxe7 Qxe7 10. e3 Nb6 11. Be2 g6 12. O-O O-O 13. Qb3 Bg4 14. a4 Nc8 15. Qa3 Qxa3 16. bxa3 a5 17. Rab1 Nd6 18. Ne5 Bxe2 19. Nxe2 Nf6 20. Rfc1 Ra7 21. f3 Rd8 22. g4 Nd7 23. Nxd7 Rxd7 24. Kf2 Re7 25. Rc3 Ra8 26. Nf4 Rae8 27. h4 Kg7 28. Ng2 h6 29. Nf4 g5 30. hxg5 hxg5 31. Nh5+ Kg6 32. Ng3 Rh8 33. Kg2 f5 34. gxf5+ Nxf5 35. Nxf5 Kxf5 36. Rh1 Rxh1 37. Kxh1 g4 38. Kg2 Rh7 39. Rb3 gxf3+ 40. Kxf3 Ke6 41. Rc3 Kd6 42. Rc5 Rh3+ 43. Kf4 b6 44. Rc1 c5 45. Rb1 Kc6 46. Rc1 Rh2 47. Rc3 Rf2+ 48. Kg3 Rf1 49. Kg2 Rb1 50. Kf2 c4 51. Ke2 Rb2+ 52. Kd1 Ra2 53. Kc1 Kd6 54. Kd1 Ke6 55. e4 dxe4 56. Rxc4 Rxa3 57. Rc6+ Kd5 58. Rxb6 Kxd4 0-1

[Event "4th GRENKE Open 2019"]
[Site "Karlsruhe"]
[Date "2019.04.20"]
[Round "5.11"]
[White "Esipenko, Andrey"]
[Black "Carow, Johannes"]
[Result "1-0"]
[WhiteElo "2616"]
[BlackElo "2434"]
[Annotator "TA"]
[PlyCount "89"]
[EventDate "2019.04.18"]
[EventType "swiss"]
[EventCountry "GER"]
[SourceTitle "playchess.com"]
[Source "ChessBase"]
[SourceQuality "1"]

1. d4 d5 2. c4 dxc4 3. e4 Nf6 4. e5 Nd5 5. Bxc4 Bf5 6. Qb3 c6 7. Ne2 Qb6 8. Qf3 e6 9. a3 Nd7 10. Nbc3 Nxc3 11. bxc3 c5 12. O-O Be7 13. Bd5 Rb8 14. Be3 h5 15. h3 Bd3 16. Be4 Bxe4 17. Qxe4 Qc6 18. Qf4 g5 19. Qg3 h4 20. Qf3 Qxf3 21. gxf3 Nb6 22. a4 Nd5 23. Kg2 Kd7 24. f4 cxd4 25. Bxd4 gxf4 26. Bxa7 Ra8 27. Bd4 Rhf8 28. Kf3 f6 29. Rfb1 fxe5 30. Bxe5 b6 31. c4 Nb4 32. Bc3 Nc2 33. Ra2 Na3 34. Rxb6 Nxc4 35. Rb7+ Ke8 36. Rc7 Nb6 37. a5 Nd5 38. Rb7 Rf7 39. Bd2 Bd6 40. Rxf7 Kxf7 41. Nxf4 Nc7 42. Nd3 Na6 43. Ra4 Be7 44. Ke2 Bf6 45. Rc4 1-0

[Event "4th GRENKE Open 2019"]
[Site "Karlsruhe"]
[Date "2019.04.20"]
[Round "5.12"]
[White "Monroy, Charles"]
[Black "Van Wely, Loek"]
[Result "1/2-1/2"]
[WhiteElo "2433"]
[BlackElo "2612"]
[Annotator "TA"]
[PlyCount "152"]
[EventDate "2019.04.18"]
[EventType "swiss"]
[EventCountry "GER"]
[SourceTitle "playchess.com"]
[Source "ChessBase"]
[SourceQuality "1"]

1. Nf3 d5 2. g3 c6 3. Bg2 Bf5 4. c4 e6 5. O-O Nd7 6. d3 Ngf6 7. cxd5 exd5 8. Nc3 Be7 9. Qc2 h6 10. e4 Bg6 11. Nh4 Bh7 12. Nf5 Bxf5 13. exf5 O-O 14. h3 Bc5 15. Ne2 Re8 16. g4 Qe7 17. Ng3 Bd4 18. Bd2 Qc5 19. Bc3 Be5 20. Ne2 d4 21. b4 Qd6 22. Bb2 Qxb4 23. Rab1 Bc7 24. Nxd4 Qd6 25. Nf3 Nd5 26. Bc1 Ne5 27. Nxe5 Qxe5 28. f4 Bb6+ 29. Kh1 Qc3 30. Qxc3 Nxc3 31. Rb3 Ne2 32. Rd1 Rad8 33. a4 Rd4 34. a5 Bxa5 35. Rxb7 Bb6 36. Bxc6 Rc8 37. Re7 Nc3 38. Bb7 Nxd1 39. Bxc8 Rxd3 40. Re8+ Kh7 41. g5 hxg5 42. fxg5 Rxh3+ 43. Kg2 Rc3 44. Bf4 Bc7 45. Bxc7 Rxc7 46. Kf3 Nc3 47. Ba6 Nd5 48. Ke4 Re7+ 49. Rxe7 Nxe7 50. Ke5 Nc6+ 51. Kd6 Nb4 52. Bc4 f6 53. gxf6 gxf6 54. Kc5 Nc2 55. Bd3 Ne3 56. Kb5 Nd5 57. Bf1 Kh6 58. Ka6 Kg5 59. Kxa7 Kxf5 60. Ka6 Kg4 61. Kb5 f5 62. Kc5 Ne3 63. Be2+ Kg3 64. Kd4 f4 65. Ke4 Ng4 66. Kf5 Nf2 67. Bh5 Nh3 68. Bd1 Ng1 69. Ke4 Nh3 70. Kf5 Nf2 71. Bh5 Nd3 72. Ke4 Nc5+ 73. Kf5 Nb3 74. Ke4 f3 75. Bxf3 Nd2+ 76. Kd3 Nxf3 1/2-1/2

[Event "4th GRENKE Open 2019"]
[Site "Karlsruhe"]
[Date "2019.04.20"]
[Round "5.13"]
[White "Bluebaum, Matthias"]
[Black "Raja Harshit"]
[Result "1-0"]
[WhiteElo "2610"]
[BlackElo "2432"]
[Annotator "TA"]
[PlyCount "93"]
[EventDate "2019.04.18"]
[EventType "swiss"]
[EventCountry "GER"]
[SourceTitle "playchess.com"]
[Source "ChessBase"]
[SourceQuality "1"]

1. d4 Nf6 2. c4 e6 3. Nc3 Bb4 4. e3 O-O 5. Bd2 d5 6. Nf3 c5 7. a3 Bxc3 8. Bxc3 Ne4 9. Rc1 cxd4 10. Nxd4 Nxc3 11. Rxc3 Nc6 12. cxd5 Qxd5 13. Nxc6 bxc6 14. Qc2 Rb8 15. b4 Qg5 16. Rc5 Qf6 17. Qc1 Qg6 18. f3 Rd8 19. Kf2 Bb7 20. Be2 Qh6 21. h4 Rd7 22. g3 Rbd8 23. Rd1 Rxd1 24. Bxd1 Qf6 25. Be2 Rd6 26. Qc3 Qd8 27. Ke1 h6 28. Ra5 Rd7 29. f4 a6 30. Rc5 Kf8 31. Qc2 Qf6 32. Qc3 Qg6 33. Kf2 Qb1 34. Qc1 Qe4 35. Bf3 Qd3 36. Be2 Qb3 37. Bc4 Qd1 38. Qxd1 Rxd1 39. g4 Rc1 40. Bd3 Rxc5 41. bxc5 Ke7 42. Kf3 f6 43. Ke4 Bc8 44. Be2 Kd8 45. Kd4 Bb7 46. e4 g5 47. hxg5 1-0

[Event "4th GRENKE Open 2019"]
[Site "Karlsruhe"]
[Date "2019.04.20"]
[Round "5.14"]
[White "Bogner, Sebastian"]
[Black "Schitco, Ivan"]
[Result "1/2-1/2"]
[WhiteElo "2603"]
[BlackElo "2424"]
[Annotator "TA"]
[PlyCount "111"]
[EventDate "2019.04.18"]
[EventType "swiss"]
[EventCountry "GER"]
[SourceTitle "playchess.com"]
[Source "ChessBase"]
[SourceQuality "1"]

1. e4 c6 2. d4 d5 3. e5 Bf5 4. Nf3 e6 5. Be2 Ne7 6. c3 Ng6 7. O-O Nd7 8. Re1 f6 9. exf6 Qxf6 10. Bg5 Qf7 11. Bh4 Bd6 12. Bg3 Bxg3 13. hxg3 O-O 14. c4 e5 15. dxe5 dxc4 16. Ng5 Qd5 17. e6 Nde5 18. Qxd5 cxd5 19. f4 h6 20. Nf3 Nc6 21. Nc3 Rad8 22. Rad1 Nge7 23. Nd4 Nxd4 24. Rxd4 Bxe6 25. Bg4 Bxg4 26. Rxe7 Rf7 27. Re5 Rfd7 28. Kf2 Kf7 29. Ke3 g6 30. Rexd5 Rxd5 31. Rxd5 Re8+ 32. Kd4 Re1 33. Rc5 Rg1 34. Ke5 Re1+ 35. Kd4 Rg1 36. Ke5 Re1+ 37. Kd6 Re6+ 38. Kd5 Rb6 39. Rb5 Be6+ 40. Ke5 Bd7 41. Rxb6 axb6 42. Ne4 b5 43. Nd6+ Ke7 44. a3 b6 45. g4 Bxg4 46. Nxb5 h5 47. g3 Bd7 48. Nd4 b5 49. Nf3 Bg4 50. Nh4 Kf7 51. Ng2 Be2 52. Ne3 Bf3 53. Nd5 g5 54. Ne3 h4 55. Nf1 Bg2 56. gxh4 1/2-1/2